LEADER 01685nam 2200385Ia 450 001 9910700972003321 005 20111018142134.0 035 $a(CKB)5470000002413305 035 $a(OCoLC)757539339 035 $a(EXLCZ)995470000002413305 100 $a20111018d2011 ua 0 101 0 $aeng 135 $aurcn||||||||| 181 $ctxt$2rdacontent 182 $cc$2rdamedia 183 $acr$2rdacarrier 200 00$aEstimated probabilities and volumes of postwildfire debris flows, a prewildfire evaluation for the Upper Blue River Watershed, Summit County, Colorado$b[electronic resource] /$fby John G. Elliott ... [and others] ; prepared in cooperation with the Town of Breckenridge, Colorado 210 1$aReston, Va. :$cU.S. Dept. of the Interior, U.S. Geological Survey,$d2011. 215 $a1 online resource (iv, 22 pages) $ccolor illustrations, color maps 225 1 $aScientific investigations report ;$v2011-5039 300 $aTitle from title screen (viewed on Oct. 18, 2011). 320 $aIncludes bibliographical references (pages 21-22). 606 $aPost-fire forest management$zColorado$zBlue River Watershed 606 $aDebris avalanches$zColorado$zBlue River Watershed 615 0$aPost-fire forest management 615 0$aDebris avalanches 701 $aElliott$b John G$0116614 712 02$aGeological Survey (U.S.) 712 02$aBreckenridge (Colo.) 801 0$bGPO 801 1$bGPO 906 $aBOOK 912 $a9910700972003321 996 $aEstimated probabilities and volumes of postwildfire debris flows, a prewildfire evaluation for the Upper Blue River Watershed, Summit County, Colorado$93455144 997 $aUNINA LEADER 01110nam0 22002771i 450 001 UON00074237 005 20231205102403.82 100 $a20020107d1964 |0itac50 ba 101 $aeng 102 $aNL 105 $a|||| ||||| 200 1 $aSociological and moral studies in the field of coptic monasticism$fBy Farag Rofail Farag 205 $aLeiden : Brill$b1964 210 $ax$d148 p., c. di tav. ; 25 cm 215 $aSupplement I to the Annual of Leeds University Oriental Society 606 $aMONACHESIMO COPTO$3UONC022565$2FI 620 $aNL$dLeiden$3UONL003056 676 $a291.657$cMONACHESIMO$v21 700 1$aFARAG$bRofail Farag$3UONV048743$0659395 712 $aBrill$3UONV245886$4650 801 $aIT$bSOL$c20240220$gRICA 899 $aSIBA - SISTEMA BIBLIOTECARIO DI ATENEO$2UONSI 912 $aUON00074237 950 $aSIBA - SISTEMA BIBLIOTECARIO DI ATENEO$dSI COPT I b 008 $eSI AA 140 5 008 996 $aSociological and moral studies in the field of coptic monasticism$91164194 997 $aUNIOR